Statistics for College Football Leading Rushers 2021

Click here to take the quiz!

General Stats

  • This quiz has been taken 11 times
  • The average score is 12 of 50

Answer Stats

CollegePlayer NameYards% Correct
Michigan StateKenneth Walker1636
78%
BaylorAbram Smith1429
56%
Iowa StateBreece Hall1464
56%
MichiganHassan Haskins1327
56%
Ohio StateTreVeyon Henderson1165
56%
TexasBijan Robinson1127
44%
AlabamaBrian Robinson1269
44%
UNLVCharles Williams1261
44%
Kansas StateDeuce Vaughn1258
44%
West VirginiaLeddie Brown1065
44%
BYUTyler Allgeier1601
44%
San Diego StateGreg Bell1091
33%
Central MichiganLew Nichols1833
33%
DukeMataeo Durant1241
33%
UTSASincere McCormick1479
33%
AuburnTank Bigsby1102
33%
UCLAZach Charbonnet1137
33%
Air ForceBrad Roberts1352
22%
WisconsinBraelon Allen1279
22%
KentuckyChris Rodriguez1272
22%
NorthwesternEvan Hull1009
22%
Texas A&MIsaiah Spiller1011
22%
OklahomaKennedy Brooks1253
22%
MarshallRasheen Ali1401
22%
SyracuseSean Tucker1496
22%
TulsaShamari Brooks1029
22%
Coastal CarolinaShermari Jones1040
22%
OregonTravis Dye1271
22%
North CarolinaTy Chandler1092
22%
MissouriTyler Badie1604
22%
Oregon StateBJ Baylor1337
11%
ToledoBryant Koback1400
11%
North TexasDeAndre Torrey1215
11%
UABDeWayne McBride1379
11%
Northern IllinoisJay Ducker1184
11%
Oklahoma StateJaylen Warren1134
11%
CincinnatiJerome Ford1319
11%
LouisvilleMalik Cunningham1031
11%
Appalachian StateNate Noel1126
11%
Arizona StateRachaad White1006
11%
UtahTavion Thomas1041
11%
IowaTyler Goodson1101
11%
WyomingXazavian Valladay1070
11%
Old DominionBlake Watson1112
0%
BuffaloDylan McDuffie1049
0%
UMASSEllis Merriweather1138
0%
East CarolinaKeaton Mitchell1132
0%
Kent StateMarquez Cooper1205
0%
Boston CollegePatrick Garwo1045
0%
Western MichiganSean Tyler1140
0%

Score Distribution

Percentile by Number Answered

Percent of People with Each Score

Your Score History

You have not taken this quiz